Obálka Náhled e-knihy:
Epub
Pro půjčování e-knih musíte být přihlášeni.
Jak si půjčit online?

Zrada /

Společenský, kriminální i milostný román o českých emigrantech a jejich dramatických osudech.

Uloženo v:
Hlavní autor: Janečková, Klára, 1979- (Autor)
Médium: E-kniha
Jazyk:Czech
Vydáno: Praha : Ikar, 2020
Vydání:Vydání první
Témata:
Tagy:
Žádné tagy
LEADER 02110cam a2200373 i 4500
001 311204
003 CZ PrSKC
005 20260601215701.0
007 ta
008 200701s2020 xr g 000 f cze d
015 |a cnb003180522 
020 |a 9788024941608  |q (vázáno) :  |c Kč 359,00 
035 |a (OCoLC)1200258497 
040 |a CBA001  |b cze  |d ABG001  |e rda 
072 7 |a 821.162.3-3  |x Česká próza  |2 Konspekt 
080 |a 821.162.3-31  |2 MRF 
080 |a (0:82-31)  |2 MRF 
100 1 |a Janečková, Klára,  |d 1979-  |7 xx0004279  |4 aut 
245 1 0 |a Zrada /  |c Klára Janečková 
250 |a Vydání první 
264 1 |a Praha :  |b Ikar,  |c 2020 
300 |a 413 stran ;  |c 21 cm 
336 |a text  |b txt  |2 rdacontent 
337 |a bez média  |b n  |2 rdamedia 
338 |a svazek  |b nc  |2 rdacarrier 
520 2 |a Společenský, kriminální i milostný román o českých emigrantech a jejich dramatických osudech.  |b David Man a jeho sestra Viktorie emigrují v 80. letech do Itálie. Z Davida se stává úspěšný manažer a bohatý člověk a tak jeho mnohem mladší sestra vyrůstá v přepychu. Toho využije protřelý podvodník a rozmazlenou a naivní dívku využívá jako nástroj k vlastnímu obohacení. Připraví jí nezáviděníhodný osud, psychicky ji vydírá a nakonec usiluje i o její život. Viktorie dopadne až na dno a téměř svůj život vzdává. Dramatickým vyvrcholením propletence osob a událostí je šokující teroristický útok na budovy WTC v New Yorku, po němž se cesty zkušenostmi bohatších hrdinů opět spojí. 
655 7 |a české romány  |7 fd133974  |2 czenas 
655 9 |a Czech fiction  |2 eczenas 
900 |a ABA001  |b 19 
928 9 |a Euromedia Group - Ikar 
044 |a xr 
910 |a RBIT002 
998 |d 207113  |a https://core.palmknihy.cz/api/books/207113/cover?styues  |b https://core.palmknihy.cz/api/books/207113/cover/400?styues  |c https://core.palmknihy.cz/api/books/207113/cover/50?styues  |e 2027-01-29  |g 416  |i 9788024941608  |j https://core.palmknihy.cz/api/books/207113/preview.epub  |l   |q 49  |r 1  |s https://www.palmknihy.cz/kniha/207113  |t ebook  |y 2020  |z 0 
999 |d 311202